Via Pincherle Modelli narrativi a confronto

Guardat en:
Dades bibliogràfiques
Autor principal: Autori Vari
Format: Llibre
Idioma:anglès
Publicat: Roma Fabio Croce Editore 2001
Etiquetes: Afegir etiqueta
Sense etiquetes, Sigues el primer a etiquetar aquest registre!

MARC

LEADER 00000nam a2200000 4500
005 20240710185309.0
008 240710b |||||||| |||| 00| 0 eng d
020 |a 9788887323368 
040 |c GP 
100 |a Autori Vari 
245 |a Via Pincherle  |b Modelli narrativi a confronto 
260 |a Roma   |b Fabio Croce Editore  |c 2001 
942 |2 ddc  |c BK  |n 0 
952 |0 0  |1 0  |2 ddc  |4 0  |6 853_920000000000000_CAL  |7 1  |9 1612  |a RM  |b RM  |d 2024-07-10  |l 0  |o 853.92 CAL  |p 370  |r 2024-07-10 18:53:30  |w 2024-07-10  |y BK 
999 |c 1431  |d 1431